000 00582nam a2200193 a 4500
001 6965
003 CO-ViMGA
008 141112s2004 ck r 000 u spa d
020 _a9502005328
040 _aCO-ViMGA
_bspa
_cCO-ViMGA
082 0 4 _a346.02 A573
100 1 _aAlterini, Atilio A
_95987
245 1 0 _aLa autonomía de la voluntad en el contrato moderno /
_cAlterini Atilio A. , López Cabana Roberto M.
260 _aBuenos Aires :
_bAbeledo Perrot,
_c1989
300 _a143 p
650 1 4 _aCONTRATOS
_948178
650 1 4 _aLópez Caban, Roberto M.
_95988
942 _2ddc
_cBK
999 _c18932
_d18932